00754nam a2200229 a 450000100060000000300080000600500170001400800410003103500190007203500110009104000180010204100080012008200240012810000280015224500660018026000350024630000350028165000380031694200120035499900170036695201410038350968BD-RjUL20211209075606.0160816s1965 enkab 000 0 eng d a(BD-RjUL)51088 a155161 aANLbengcANL aeng a625.10094bCAF 19651 aCalvert, Roger.915252314aThe future of Britain's railways /cforeword by Lord Stonham. aLondon :bAllen & Unwin,c1965 a175 p. :bill., maps ;c23 cm. 0aRailroadszGreat Britain.9150601 2ddccBK c50968d50968 00102ddc40708NFICaRUCLbRUCLcStackd1968-05-28eZeitlingerg35.00l0o625.10094 CAF 1965r2016-08-29 00:00:00tC-2w2016-08-29yBK